000 00449nam a2200181Ia 4500
001 19193
005 20260306171726.0
008 260306s9999||||xx |||||||||||||| ||und||
041 _aESP
082 _a658.8
_bT36
100 _aTemiño Aguirre, Ignacio
_eAUT
245 0 _aDirección y organización comercial y de ventas
260 _c2013
300 _a55 páginas :
_c30 cm.
650 _aGEN
654 _aCAN
942 _cLIB
_dJUS
_fJUS
_2ddc
_n
999 _c19193
_d19193